Perspectivas económicas para la democracia: balance y lecciones para la experiecia chilena
Uloženo v:
| Hlavní autoři: | , , , , , , , |
|---|---|
| Médium: | Kniha |
| Jazyk: | španělština |
| Vydáno: |
Santiago
Instituto Chileno de Estudios Humanísticos
1984
|
| Témata: | |
| Tagy: |
Přidat tag
Žádné tagy, Buďte první, kdo vytvoří štítek k tomuto záznamu!
|
MARC
| LEADER | 00000nam a2200000 a 4500 | ||
|---|---|---|---|
| 001 | UCR9310 | ||
| 003 | CL-VaPUC | ||
| 008 | 980613e19840000CL |||||||||||||||||spa|d | ||
| 082 | 0 | 4 | |a 330.983 |b FOX |2 21 |
| 100 | 0 | |a Foxley Riesco, Juan |e author |9 411693 | |
| 700 | |a Gatica Barros, Jaime |e author |9 430298 | ||
| 700 | 0 | |a Piñera Echeñique, Pablo |e author |9 411695 | |
| 700 | 0 | |a Rodriguez Grossi, Jorge |e author |9 411696 | |
| 700 | 0 | |a Sanfuentes Vergara, Andrés |e author |9 411697 | |
| 700 | 0 | |a Uthoff, Andras |e author |9 411698 | |
| 700 | 0 | |a Yañez H., José |e author |9 411699 | |
| 700 | 0 | |a Zahler, Roberto |e author |9 411700 | |
| 245 | 1 | 0 | |a Perspectivas económicas para la democracia: balance y lecciones para la experiecia chilena |
| 300 | |a 220 p | ||
| 942 | |c BK | ||
| 945 | |d 19980613 00:00:00 |a crobeson | ||
| 260 | |a Santiago |b Instituto Chileno de Estudios Humanísticos |c 1984 | ||
| 650 | 0 | |a Políticas económicas |9 353940 | |
| 650 | 0 | |a Condiciones económicas |9 258255 | |
| 650 | 0 | |a Economía financiera |9 359635 | |
| 650 | 7 | |a INDUSTRIAS MANUFACTURERAS |2 CL-VaPUC |9 360402 | |
| 650 | 0 | |a Gasto público |9 335386 | |
| 651 | 7 | |a CHILE |2 CL-VaPUC |9 411701 | |
| 583 | |a last modification |c 19980613 00:00:00 |k Rodrigo Vera | ||
| 999 | |c 270509 |d 270507 | ||
| 952 | |0 0 |1 0 |4 0 |6 330_983000000000000_FOX_1984 |7 0 |8 A |9 304827 |a BIBENE |b BIBENE |d 2019-11-20 |i 1409913 |o 330.983 FOX 1984 |p 1409913 |r 2025-01-15 |w 2019-11-20 |y BK |k ICO | ||